000 01103nam a22002417a 4500
999 _c16838
_d16838
005 20251125232849.0
008 s2532 th tha d
040 _aNALT
041 _atha
245 1 0 _aคู่มือการสอบสวนคดีอาญา ของพนักงานสอบสวนฝ่ายปกครอง
260 3 _aกรุงเทพฯ :
_bกองการสอบสวนและนิติกร กรมการปกครอง,
_c2532
300 _a177 หน้า :
_b ตาราง ;
_c 26 ซม.
650 0 4 _aการร้องทุกข์
650 0 4 _aการสอบสวนคดีอาญา -- คู่มือ
650 0 4 _aคดีอาญา -- การสืบสวน
650 0 4 _aคดีอาญา -- อายุความ
650 0 4 _aอายุความ
850 _aNALT
856 4 0 _uhttps://hdl.handle.net/20.500.14156/302200
942 _cLB
_2lcc
998 _j25
_k นีลวัสน์ อินทรักษา
090 _aKG114 ม234ค 2532